Music Quiz

Random Music or Bands Quiz

Who Is That With Dick Clark? Quiz Stats

 Plays Quiz Updated Feb 8, 2013

Challenge
Share
Tweet
Score 0/25 Timer 05:00
2 Plays Today
Musician/Group % Correct
Michael Jackson
94.1%
KISS
93.3%
Cher
90%
Rod Stewart
85.9%
Mariah Carey
84.2%
Lionel Richie
82.7%
Johnny Cash
80.3%
Britney Spears
78.8%
Village People
77.8%
Little Richard
76.5%
Cyndi Lauper
75.5%
James Brown
74.1%
Reba McEntire
73.3%
Musician/Group % Correct
Barry Manilow
73%
Celine Dion
73%
Madonna
70.8%
Michael Bolton
65.7%
Bon Jovi
63.8%
Sheryl Crow
61.4%
Lance Bass
59.3%
B.B. King
54.2%
Run-D.M.C.
52.5%
Brandy
50.8%
Motley Crue
29.3%
Bryan Adams
25.6%

You're not logged in!

Compare scores with friends on all Sporcle quizzes.
OR
Log In

You Might Also Like...

Show Comments

Extras

Top Quizzes Today


Score Distribution

Your Account Isn't Verified!

In order to create a playlist on Sporcle, you need to verify the email address you used during registration. Go to your Sporcle Settings to finish the process.

Report this User

Report this user for behavior that violates our Community Guidelines.

Details: